000 00735nam a2200289Ia 4500
005 20260324145148.0
008 008 260324s9999 xx 000 0 eng d
020 _a9781003479840
037 _aEBOOK
040 _aCRL
040 _beng
040 _cCRL
041 _2eng
041 _aeng
084 _qCRL
100 _aGerald Foley; Patricia Moss; Lloyd Timberlake
_91221976
245 0 _aStoves and Trees
245 0 _bHow Much Wood Would a Woodstove Save If a Woodstove Could Save Wood?
260 _bTaylor and Francis
260 _c1984
365 _a
365 _b105
856 _uhttp://www.taylorfrancis.com/books/9781003479840
942 _cEBOOK
999 _c1829503
_d1829503